=LDR 00000nam 2200000 4500 =001 INLIS000000000809908 =008 ###################################ind## =035 ##$$a 0010-0925000033 =245 ##$$a Rahasia Qiyamullail / $c Dr. Sa'id Ali Bin Wahf Al Qahthani =260 ##$$b Darul Haq =084 ##$$a 297.382 SAI